<?xml version="1.0" encoding="UTF-8"?>
<record
    xmlns:xsi="http://www.w3.org/2001/XMLSchema-instance"
    xsi:schemaLocation="http://www.loc.gov/MARC21/slim http://www.loc.gov/standards/marcxml/schema/MARC21slim.xsd"
    xmlns="http://www.loc.gov/MARC21/slim">

  <leader>02491nam a2200385uu 4500</leader>
  <controlfield tag="001">1209807</controlfield>
  <controlfield tag="005">20260508070159.0</controlfield>
  <controlfield tag="007">co|||||||</controlfield>
  <controlfield tag="008">100730s2009                        spa  </controlfield>
  <datafield tag="035" ind1=" " ind2=" ">
    <subfield code="a">1209807</subfield>
  </datafield>
  <datafield tag="040" ind1=" " ind2=" ">
    <subfield code="c">comduadb</subfield>
  </datafield>
  <datafield tag="041" ind1=" " ind2=" ">
    <subfield code="a">spa</subfield>
  </datafield>
  <datafield tag="080" ind1=" " ind2=" ">
    <subfield code="a">JC</subfield>
  </datafield>
  <datafield tag="100" ind1="1" ind2="0">
    <subfield code="a">Cadavid Tapias, Deisy Yolima</subfield>
    <subfield code="4">aut</subfield>
    <subfield code="e">aut</subfield>
    <subfield code="9">587074</subfield>
  </datafield>
  <datafield tag="245" ind1="1" ind2="0">
    <subfield code="a">Investigaci&#xF3;n documental referida a contextos de descubrimiento y justificaci&#xF3;n en la clase de matem&#xE1;ticas.</subfield>
  </datafield>
  <datafield tag="260" ind1=" " ind2=" ">
    <subfield code="a">Medell&#xED;n :</subfield>
    <subfield code="b">[sin publicador],</subfield>
    <subfield code="c">2009.</subfield>
  </datafield>
  <datafield tag="300" ind1=" " ind2=" ">
    <subfield code="a">1 CD-ROM</subfield>
  </datafield>
  <datafield tag="520" ind1="3" ind2=" ">
    <subfield code="a">El presente trabajo de investigaci&#xF3;n es de corte cualitativo, en &#xE9;l se emplea el m&#xE9;todo de an&#xE1;lisis documental, y se estudia algunos de los aportes investigativos realizados en Francia, Italia, Alemania, Espa&#xF1;a, Jap&#xF3;n, Estados Unidos, M&#xE9;xico, Brasil y Colombia en torno a los contextos de descubrimiento y justificaci&#xF3;n en clase de matem&#xE1;ticas. Se presenta un estudio de las definiciones y categor&#xED;as propuestas en cada pa&#xED;s sobre el razonamiento empleado por los estudiantes; realiz&#xE1;ndose interpretaciones sobre los aportes de las investigaciones en cuanto al estudiante y al desarrollo de los procesos de conjetura, prueba, demostraci&#xF3;n y refutaci&#xF3;n; al docente en los contextos impl&#xED;citos en la ense&#xF1;anza de estos; y la geometr&#xED;a como objetivo de conocimiento propio para el desarrollo de la argumentaci&#xF3;n y de los procesos de conjetura, prueba, demostraci&#xF3;n y refutaci&#xF3;n. </subfield>
  </datafield>
  <datafield tag="650" ind1=" " ind2=" ">
    <subfield code="a">Aprendizaje por descubrimiento</subfield>
    <subfield code="9">34270</subfield>
  </datafield>
  <datafield tag="650" ind1=" " ind2=" ">
    <subfield code="a">Argumentaci&#xF3;n</subfield>
    <subfield code="9">14931</subfield>
  </datafield>
  <datafield tag="650" ind1=" " ind2="0">
    <subfield code="a">Investigaci&#xF3;n bibliogr&#xE1;fica</subfield>
    <subfield code="9">25477</subfield>
  </datafield>
  <datafield tag="650" ind1=" " ind2="7">
    <subfield code="a">Razonamiento</subfield>
    <subfield code="2">lemb</subfield>
    <subfield code="9">2122</subfield>
  </datafield>
  <datafield tag="650" ind1=" " ind2=" ">
    <subfield code="a">Licenciatura en Educaci&#xF3;n</subfield>
    <subfield code="9">181088</subfield>
  </datafield>
  <datafield tag="700" ind1=" " ind2="0">
    <subfield code="a">Durango Urrego, John Henry</subfield>
    <subfield code="c">Doctor en Educaci&#xF3;n</subfield>
    <subfield code="4">ths</subfield>
    <subfield code="e">ths</subfield>
    <subfield code="9">459795</subfield>
  </datafield>
  <datafield tag="700" ind1=" " ind2="0">
    <subfield code="a">Toro Uribe, Jorge Andres</subfield>
    <subfield code="4">aut</subfield>
    <subfield code="e">aut</subfield>
    <subfield code="9">592707</subfield>
  </datafield>
  <datafield tag="700" ind1="1" ind2="0">
    <subfield code="a">Zapata Montoya, Juliana Andrea</subfield>
    <subfield code="4">aut</subfield>
    <subfield code="e">aut</subfield>
    <subfield code="9">607813</subfield>
  </datafield>
  <datafield tag="700" ind1="1" ind2="0">
    <subfield code="a">Marulanda Garc&#xED;a, Liliana Margarita</subfield>
    <subfield code="4">aut</subfield>
    <subfield code="e">aut</subfield>
    <subfield code="9">587075</subfield>
  </datafield>
  <datafield tag="700" ind1="1" ind2="0">
    <subfield code="a">Monsalve Valderrama, Lina Mar&#xED;a</subfield>
    <subfield code="4">aut</subfield>
    <subfield code="e">aut</subfield>
    <subfield code="9">592708</subfield>
  </datafield>
  <datafield tag="700" ind1=" " ind2="0">
    <subfield code="a">Parra Zapata, M&#xF3;nica Marcela</subfield>
    <subfield code="4">aut</subfield>
    <subfield code="e">aut</subfield>
    <subfield code="9">612202</subfield>
  </datafield>
  <datafield tag="700" ind1="1" ind2="0">
    <subfield code="a">Zapata Jaramillo, Monica Mercedes</subfield>
    <subfield code="4">aut</subfield>
    <subfield code="e">aut</subfield>
    <subfield code="9">587076</subfield>
  </datafield>
  <datafield tag="700" ind1="1" ind2="0">
    <subfield code="a">Vanegas Vidal, Sandra Milena</subfield>
    <subfield code="4">aut</subfield>
    <subfield code="e">aut</subfield>
    <subfield code="9">587077</subfield>
  </datafield>
  <datafield tag="856" ind1="4" ind2=" ">
    <subfield code="u">http://ayura.udea.edu.co:8080/jspui/handle/123456789/1726</subfield>
  </datafield>
  <datafield tag="942" ind1=" " ind2=" ">
    <subfield code="c">TESIS</subfield>
  </datafield>
  <datafield tag="999" ind1=" " ind2=" ">
    <subfield code="c">559624</subfield>
    <subfield code="d">559624</subfield>
  </datafield>
  <datafield tag="500" ind1=" " ind2=" ">
    <subfield code="a">Tesis (Licenciatura en Educaci&#xF3;n B&#xE1;sica con &#xC9;nfasis en Matem&#xE1;ticas). Universidad de Antioquia, Facultad de Educaci&#xF3;n - T&#xED;tulo del grado otorgado</subfield>
  </datafield>
  <datafield tag="952" ind1=" " ind2=" ">
    <subfield code="0">0</subfield>
    <subfield code="1">0</subfield>
    <subfield code="4">0</subfield>
    <subfield code="7">0</subfield>
    <subfield code="8">DIGITAL</subfield>
    <subfield code="a">CEDED</subfield>
    <subfield code="b">CEDED</subfield>
    <subfield code="d">2010-07-30</subfield>
    <subfield code="i">C1093352</subfield>
    <subfield code="l">0</subfield>
    <subfield code="o">JC/0762</subfield>
    <subfield code="p">0597899</subfield>
    <subfield code="r">2023-04-30 00:00:00</subfield>
    <subfield code="t">1</subfield>
    <subfield code="w">2023-04-30</subfield>
    <subfield code="y">DIGITAL</subfield>
  </datafield>
</record>
